000 00305nam a22001217a 4500
008 180126b xxu||||| |||| 00| 0 eng d
041 _aeng
080 _a573
100 _a11
101 _abo
245 _areproductive biology of the mare basic and applied aspects
_cginther.o.j
942 _2udc
_cBK
999 _c41000
_d41000